[Event "Novy Bor op 3rd"]
[Site "Novy Bor"]
[Date "2012.02.11"]
[Round "1"]
[White "Vseticek, Oldrich"]
[Black "Korolchuk, Nikolav"]
[Result "1/2-1/2"]
[WhiteElo "1775"]
[BlackElo "2235"]
[PlyCount "89"]
[EventDate "2012.02.11"]
[EventType "swiss"]
[EventRounds "9"]
[EventCountry "CZE"]
[SourceTitle "CBM 147 Extra"]
[Source "ChessBase"]
[SourceDate "2012.04.24"]
[SourceVersion "1"]
[SourceVersionDate "2012.04.24"]
[SourceQuality "1"]

1. d4 e6 2. Nf3 f5 3. g3 b6 4. Bg2 Bb7 5. Bg5 Be7 6. Bxe7 Qxe7 7. c3 Nf6 8. Nbd2 0-0 9. e3 d6 10. 0-0 Nbd7 11. Re1 e5 12. dxe5 dxe5 13. Qc2 g6 14. Nxe5 Bxg2 15. Nxd7 Qxd7 16. Kxg2 Rad8 17. Nf3 Qc6 18. Qe2 g5 19. Kg1 g4 20. Nd4 Qd5 21. Red1 Ne4 22. c4 Qf7 23. Nc6 Rd6 24. Rxd6 cxd6 25. Nd4 Ng5 26. Rd1 Qb7 27. Qd3 Nh3+ 28. Kf1 Qh1+ 29. Ke2 Qxh2 30. Rf1 Qg2 31. Ke1 Ng5 32. b4 Ne4 33. Ne6 Rf6 34. Nf4 Qh2 35. Qd5+ Kg7 36. Qb7+ Rf7 37. Qd5 Qh6 38. Ne6+ Kf6 39. Nf4 Ng5 40. Qxd6+ Kg7 41. Qxh6+ Kxh6 42. Ke2 Ne4 43. Nd5 Rd7 44. Rh1+ Kg7 45. Rh5 1/2-1/2